| 000 | 00656nam a2200205 i 4500 | ||
|---|---|---|---|
| 001 | 97494 | ||
| 003 | ES-MaACL | ||
| 005 | 20240521134255.0 | ||
| 007 | t| | ||
| 008 | 050712s1968 sp ||||1| cat d | ||
| 100 | 0 |
_aMarcuse, Herbert, _d1898-1979 _976559 |
|
| 245 | 1 | 2 |
_aL'home unidimensional / _cHerbert Marcuse; práoleg de Josep M. Castellet; [traducció de Manuel Carbonell]. |
| 250 | _a[1ª ed.]. | ||
| 260 |
_aBarcelona : _bEdiciones 62, _c1968. |
||
| 300 |
_a270 p. ; _c20 cm. |
||
| 700 | 1 |
_aCastellet, J. M., _d1926-2014 _9156498 |
|
| 700 | 1 |
_aCarbonell, Manuel. _935050 |
|
| 852 |
_aES-MaACL _jC-51014 |
||
| 999 |
_c97494 _d97494 |
||